Orientación tributaria y administrativa : contribución industrial, contribución de utilidades, contribución sobre la renta, sociedades mercantiles, código de la circulación, patente nacional de vehículos e impuesto de restricción, impuesto de transportes, impuesto del timbre, arrendamientos / Antonio Torruella Pónsi contribución industrial, contribución de utilidades, contribución sobre la renta, sociedades mercantiles, código de la circulación, patente nacional de vehículos e impuesto de restricción, impuesto de transportes, impuesto del timbre, arrendamientos / Antonio Torruella Pónsi

por Torruella Pónsi, Antonio

Publicado: Barcelona : (Imp. Esc. de la Casa de Caridad) , 1948
Descripción Física: 369 p. ; 19 cm

MARC

LEADER 00000nam a2200000Ia 4500
001 11575
008 160829s1948 xx 000 0 cat d
080 |a M-2-323 
100 |a Torruella Pónsi, Antonio  |9 25280 
245 |a Orientación tributaria y administrativa :  |b  contribución industrial, contribución de utilidades, contribución sobre la renta, sociedades mercantiles, código de la circulación, patente nacional de vehículos e impuesto de restricción, impuesto de transportes, impuesto del timbre, arrendamientos / Antonio Torruella Pónsi 
260 |a Barcelona :  |b (Imp. Esc. de la Casa de Caridad),  |c 1948 
300 |a 369 p. ;  |c 19 cm 
650 |a Impostos  |x Espanya  |9 25281 
901 |a Arxiu 
942 |n 1 
952 |0 0  |1 0  |4 0  |6 M2323  |7 1  |9 43533  |a Arxiu  |b Arxiu  |d 2016-12-01  |l 0  |o M-2-323  |p 11575  |r 2016-12-01 00:00:00  |w 2016-12-01  |y ARXIU 
999 |c 46079  |d 46079